[Event "Ruhrgebiet Verbandsklasse Gruppe 1 1819"]
[Site "Nordrheinwestfalen"]
[Date "2019.03.10"]
[Round "7.5"]
[White "Rebentisch, Sebastian"]
[Black "Kraus, Reinhard"]
[Result "1/2-1/2"]
[WhiteElo "1811"]
[BlackElo "1798"]
[PlyCount "160"]
[EventDate "2018.09.23"]
[EventType "team-tourn"]
[EventRounds "9"]
[EventCountry "GER"]
[SourceTitle "EXT 2022"]
[Source "ChessBase"]
[SourceDate "2021.10.06"]
[SourceVersion "1"]
[SourceVersionDate "2021.10.06"]
[SourceQuality "1"]
[WhiteTeam "Horst Emscher II"]
[BlackTeam "Mengede SG"]
[WhiteTeamCountry "GER"]
[BlackTeamCountry "GER"]

1. e4 c5 2. Nf3 e6 3. d4 cxd4 4. Nxd4 Nf6 5. Nc3 Bb4 6. f3 e5 7. Nf5 0-0 8. Ne3 Qa5 9. Bd2 Bxc3 10. Bxc3 Qc5 11. Nd5 Nxd5 12. Qxd5 Qxd5 13. exd5 d6 14. Bb4 Rd8 15. Bd3 b6 16. 0-0 Ba6 17. c4 Bb7 18. f4 Na6 19. Bc3 f6 20. Bf5 Bc8 21. Bc2 Bg4 22. Rf2 Rac8 23. b3 Nc5 24. Bb4 Re8 25. h3 Bh5 26. Bf5 Rc7 27. Bxc5 bxc5 28. Be6+ Bf7 29. f5 g5 30. g4 Kg7 31. Rb2 a5 32. Kf2 Rb8 33. Rab1 Be8 34. Ke3 Rcb7 35. Kd3 a4 36. Kc3 a3 37. Rh2 Ba4 38. Re2 h5 39. Rh2 Rh8 40. Rbh1 Ra8 41. Ra1 Be8 42. Rg1 Kf8 43. h4 Rg7 44. gxh5 gxh4 45. Rxg7 Kxg7 46. h6+ Kxh6 47. Rxh4+ Kg7 48. Rg4+ Kf8 49. Rg8+ Ke7 50. Rg7+ Kf8 51. Rc7 Ra6 52. Bd7 Bxd7 53. Rxd7 Ke8 54. Rb7 Kd8 55. Rf7 Ke8 56. Rxf6 Ke7 57. Re6+ Kd7 58. b4 cxb4+ 59. Kxb4 Ra8 60. f6 Rf8 61. Kxa3 e4 62. Re7+ Kd8 63. Rxe4 Rxf6 64. Kb4 Kc7 65. Kb5 Rf2 66. a4 Rb2+ 67. Ka6 Rb4 68. Ka5 Rb1 69. Re7+ Kd8 70. Re3 Kd7 71. Rc3 Kc7 72. c5 dxc5 73. Rxc5+ Kd6 74. Rb5 Ra1 75. Kb4 Rb1+ 76. Kc3 Rc1+ 77. Kb3 Rb1+ 78. Ka2 Rxb5 79. axb5 Kxd5 80. Kb3 Kc5 1/2-1/2

[Event "Ruhrgebiet Regionalliga 1819"]
[Site "Nordrheinwestfalen"]
[Date "2018.12.16"]
[Round "5.8"]
[White "Gitschel, Ralf"]
[Black "Rebentisch, Sebastian"]
[Result "1-0"]
[WhiteElo "1870"]
[BlackElo "1720"]
[PlyCount "121"]
[EventDate "2018.09.02"]
[EventType "team-tourn"]
[EventRounds "11"]
[EventCountry "GER"]
[SourceTitle "EXT 2022"]
[Source "ChessBase"]
[SourceDate "2021.10.06"]
[SourceVersion "1"]
[SourceVersionDate "2021.10.06"]
[SourceQuality "1"]
[WhiteTeam "Eichlinghofen SV"]
[BlackTeam "Horst Emscher"]
[WhiteTeamCountry "GER"]
[BlackTeamCountry "GER"]

1. e4 e5 2. Nf3 Nc6 3. Bb5 a6 4. Ba4 Nf6 5. 0-0 Be7 6. Re1 b5 7. Bb3 d6 8. c3 0-0 9. d4 exd4 10. cxd4 Bg4 11. Be3 Na5 12. Bc2 c5 13. Nbd2 Rc8 14. Qb1 h6 15. h3 Bh5 16. e5 Nd5 17. g4 Bg6 18. Bxg6 fxg6 19. Qxg6 dxe5 20. Qe6+ Kh7 21. Qxe5 Nxe3 22. Qxe3 Bd6 23. Qe4+ Kh8 24. Re2 cxd4 25. Nxd4 Bc5 26. Nf5 Re8 27. Qxe8+ Qxe8 28. Rxe8+ Rxe8 29. Kf1 Nc6 30. Rc1 Bb4 31. Rxc6 Bxd2 32. Rxa6 Re1+ 33. Kg2 Rb1 34. b3 Rb2 35. Nd6 b4 36. Nc4 Rc2 37. Nxd2 Rxd2 38. Ra4 Kh7 39. Rxb4 Rxa2 40. Rb6 Rb2 41. Kg3 Rb1 42. h4 Rg1+ 43. Kf4 Rh1 44. h5 Rb1 45. Kf5 Rb2 46. f4 Rf2 47. Rb8 Rd2 48. b4 Rd5+ 49. Ke4 Rd1 50. b5 Rb1 51. Kf5 Rc1 52. b6 Rc5+ 53. Ke6 Rc4 54. Ke5 Rc5+ 55. Kd6 Rc4 56. Rf8 Rb4 57. Kc6 Rb1 58. Rf5 Rc1+ 59. Rc5 Rb1 60. b7 Rb2 61. Kc7 1-0